[Event "Sykies-C 1st"]
[Site "Sykies"]
[Date "2014.03.01"]
[Round "3.4"]
[White "Robas, Stergios"]
[Black "Giannoulakis, Labros"]
[Result "0-1"]
[WhiteElo "1982"]
[BlackElo "2004"]
[PlyCount "60"]
[EventDate "2014.02.21"]
[EventType "swiss"]
[EventRounds "9"]
[EventCountry "GRE"]
[SourceTitle "EXT 2024"]
[Source "ChessBase"]
[SourceDate "2023.10.10"]
[SourceVersion "1"]
[SourceVersionDate "2023.10.10"]
[SourceQuality "1"]

1. Nf3 Nf6 2. g3 g6 3. Bg2 Bg7 4. 0-0 0-0 5. d4 d6 6. c4 Nc6 7. d5 Na5 8. Qa4 c5 9. dxc6 Nxc6 10. Nc3 Qa5 11. Bd2 Qxa4 12. Nxa4 Ne4 13. Be3 Bd7 14. Nd2 Nxd2 15. Bxd2 Ne5 16. Nc3 Nxc4 17. Bc1 Rab8 18. Rb1 Rfc8 19. Nd5 Kf8 20. e4 b5 21. b3 Nb6 22. Ne3 b4 23. Bb2 Bxb2 24. Rxb2 Rc5 25. Rc2 Rxc2 26. Nxc2 a5 27. Ne3 a4 28. Rd1 axb3 29. axb3 Be6 30. Rd4 Nd7 0-1

[Event "Kavala op 15th"]
[Site "Kavala"]
[Date "2006.07.08"]
[Round "6"]
[White "Voglitsis, Dionisis"]
[Black "Robas, Stergios"]
[Result "0-1"]
[WhiteElo "1741"]
[BlackElo "1970"]
[PlyCount "72"]
[EventDate "2006.07.04"]
[EventType "swiss"]
[EventRounds "9"]
[EventCountry "GRE"]
[SourceTitle "CBM 113 Extra"]
[Source "ChessBase"]
[SourceDate "2006.09.14"]
[SourceVersion "1"]
[SourceVersionDate "2006.09.14"]
[SourceQuality "1"]

1. e4 c6 2. d3 d5 3. Nd2 e5 4. Ngf3 Bd6 5. g3 Nf6 6. Bg2 0-0 7. 0-0 Re8 8. c3 Nbd7 9. Re1 Nf8 10. Qb3 Qc7 11. Nf1 h6 12. Nh4 Be6 13. Qd1 Qd7 14. Qe2 dxe4 15. dxe4 h5 16. Bf3 N8h7 17. Ne3 g6 18. b3 Rad8 19. Rd1 Qc7 20. Nc4 Bc5 21. Be3 Bxe3 22. Nxe3 Ng5 23. Qc2 Rxd1+ 24. Rxd1 Rd8 25. Rxd8+ Qxd8 26. Bg2 Ng4 27. Nxg4 hxg4 28. Qe2 Nh3+ 29. Kf1 Nf4 30. gxf4 exf4 31. Nxg6 f3 32. Bxf3 gxf3 33. Qxf3 fxg6 34. Qe3 Qd1+ 35. Kg2 Qg4+ 36. Kh1 Qh3 0-1